Famous People Born in the 1970s - Sudden Death - Statistics

General Stats
  • This quiz has been taken 67 times
  • The average score is 4 of 15
Answers on the Grid
Answers color-coded by a green-red scale on the quiz's grid according to % correct below.
Elon Musk
Eminem
Roberto Carlos
Victoria Beckham
Leonardo DiCaprio
Kate Winslet
Ryan Reynolds
Shakira
Kobe Bryant
James Corden
Kevin Hart
Jennifer Morrison
Ian Somerhalder
Cameron Diaz
Dwayne Johnson
Mariah Carey
Jay-Z
Jennifer Aniston
Hugh Jackman
Jeff Bezos
Renée Zellweger
Luke Perry
J. K. Rowling
Ronaldinho
Chris Evans
Paris Hilton
Pitbull
Kate Middleton
Serena Williams
Rebel Wilson
 
Answer Stats
Answer % Correct
Leonardo DiCaprio
67%
Dwayne Johnson
44%
Eminem
44%
Elon Musk
33%
Ian Somerhalder
33%
James Corden
33%
Kevin Hart
33%
Ryan Reynolds
33%
Cameron Diaz
22%
Kobe Bryant
22%
Roberto Carlos
22%
Victoria Beckham
22%
Jennifer Morrison
11%
Kate Winslet
11%
Shakira
11%
No matching quizzes found
Score Distribution
Percent of People with Each Score
Percentile by Number Answered
Your Score History
You have not taken this quiz